Statistiques concernant Pokémon - Attaques de type Acier

Cliquez ici pour prendre le quiz!

Statistiques générales

  • Ce quiz a été pris 1 056 fois
    (139 depuis la dernière actualisation)
  • Le résultat moyen est 14 sur 33

Statistiques - réponses

GénérationAttaque% Correct
4Tête de Fer
85%
4Luminocanon
84%
2Queue de Fer
77%
3Mur de Fer
75%
2Griffe Acier
74%
2Ailes d'acier
66%
4Pisto-Poing
59%
5Tacle Lourd
55%
3Poing Météor
52%
4Gyroballe
51%
4Fulmifer
48%
3Strido-Son
48%
5Lancécrou
43%
8Métalaser
43%
4Miroi-Tir
40%
5Allègement
36%
6Bouclier Royal
36%
4Bombe Aimant
35%
8Gladius Maximus
32%
5Change-Vitesse
31%
8Aegis Maxima
30%
3Voeu Destructeur
30%
7Ecrous d'Poing
27%
8Métalliroue
27%
7Estocorne
25%
9Marteau Mastoc
23%
7Choc Météore
22%
9Dérapage
19%
9Ruée d'Or
19%
7Engrenage
18%
8Mur Fumigène
18%
7Ancrage
17%
9Lame Tachyonique
8%

Distribution des résultats

Percentile par nombre de réponses

% des personnes avec chaque résultat

Votre développement - résultats

Vous n’avez pas pris ce quiz depuis la dernière actualisation